000 00595nam a22002297a 4500
001 63866
003 UA-OsUOA
005 20220518112559.0
007 ta
008 20091022b un ||||| |||| 00| 0 ukr d
040 _aUA-OsUOA
_bukr
_cUA-OsUOA
_dUA-OsUOA
041 _aukr
080 _a94(477)
090 _a94(477)
245 _aАкадемія Наук Української РСР
_cК. К. Дубина
260 _aК.
_c1967
300 _a858 с.
505 _gТ. 2
650 7 _a9 Географія. Біографії. Історія
_2UDC
942 _cBK
_2udc
955 _a1
999 _c349964
_d349964